[Event "Bastia CC Winter op 34th"]
[Site "Bastia"]
[Date "2009.01.18"]
[Round "1"]
[White "Humeau, Cyril"]
[Black "Mariotti, Enzo"]
[Result "1-0"]
[WhiteElo "2203"]
[BlackElo "1519"]
[PlyCount "95"]
[EventDate "2009.01.18"]
[EventType "swiss"]
[EventRounds "7"]
[EventCountry "FRA"]
[SourceTitle "EXT 2010"]
[Source "ChessBase"]
[SourceDate "2010.11.25"]
[SourceVersion "1"]
[SourceVersionDate "2010.11.25"]
[SourceQuality "1"]

1. d4 Nf6 2. c4 e5 3. dxe5 Ng4 4. Bf4 Nc6 5. Nf3 Bb4+ 6. Nc3 Bxc3+ 7. bxc3 Qe7 8. Qd5 f6 9. exf6 Nxf6 10. Qd3 d6 11. g3 0-0 12. Bg2 Bg4 13. 0-0 Rae8 14. Rae1 Kh8 15. Bg5 Qf7 16. Bxf6 Qxf6 17. Nd2 Ne5 18. Qc2 Qf7 19. c5 dxc5 20. f4 Nc4 21. Nxc4 Qxc4 22. e4 b5 23. f5 b4 24. h3 Bh5 25. e5 Re7 26. g4 Be8 27. e6 a5 28. Rf2 h5 29. Re4 Qa6 30. cxb4 cxb4 31. Qc5 Qd6 32. Rc4 hxg4 33. hxg4 a4 34. Qxd6 cxd6 35. Rxb4 g6 36. Rbf4 Rf6 37. Be4 Kg7 38. Kg2 gxf5 39. gxf5 Kf8 40. Kg3 Rg7+ 41. Rg4 Rxg4+ 42. Kxg4 Ke7 43. Rh2 d5 44. Bxd5 Kd6 45. Rh8 Bb5 46. Kg5 Ke5 47. Be4 a3 48. e7 1-0

[Event "Bastia CC Winter op 33th"]
[Site "Bastia"]
[Date "2009.01.03"]
[Round "?"]
[White "Mariotti, Enzo"]
[Black "Guorgues, Xavier"]
[Result "0-1"]
[WhiteElo "1519"]
[BlackElo "2250"]
[PlyCount "82"]
[EventDate "2009.01.01"]
[EventType "swiss"]
[EventRounds "5"]
[EventCountry "FRA"]
[SourceTitle "CBM 128 Extra"]
[Source "ChessBase"]
[SourceDate "2009.03.05"]
[SourceVersion "2"]
[SourceVersionDate "2009.03.25"]
[SourceQuality "1"]

1. d4 d5 2. c4 c6 3. Nf3 Nf6 4. Nc3 dxc4 5. e4 b5 6. e5 Nd5 7. Ng5 h6 8. Nge4 Bf5 9. Qf3 e6 10. Be2 Nb4 11. 0-0 Nc2 12. Rb1 Nxd4 13. Qf4 Nxe2+ 14. Nxe2 Qd3 15. N2g3 g5 16. Qf3 Qxf3 17. gxf3 Bxe4 18. Nxe4 Nd7 19. f4 gxf4 20. Bxf4 0-0-0 21. Rfd1 Be7 22. Kf1 h5 23. Nd6+ Bxd6 24. Rxd6 Kc7 25. Rbd1 Nc5 26. Rxd8 Rxd8 27. Rxd8 Kxd8 28. Be3 Nd3 29. b3 cxb3 30. axb3 a5 31. Ke2 Nxe5 32. Bb6+ Kd7 33. Bxa5 c5 34. Bc3 Nc6 35. Kd3 e5 36. Ke4 Ke6 37. f4 f5+ 38. Kd3 e4+ 39. Ke3 Kd5 40. Bb2 Na5 41. b4 Nc4+ 0-1

[Event "Bastia CC Winter op 33th"]
[Site "Bastia"]
[Date "2009.01.01"]
[Round "?"]
[White "Mariotti, Enzo"]
[Black "Humeau, Cyril"]
[Result "0-1"]
[WhiteElo "1519"]
[BlackElo "2203"]
[PlyCount "102"]
[EventDate "2009.01.01"]
[EventType "swiss"]
[EventRounds "5"]
[EventCountry "FRA"]
[SourceTitle "CBM 128 Extra"]
[Source "ChessBase"]
[SourceDate "2009.03.05"]
[SourceVersion "2"]
[SourceVersionDate "2009.03.25"]
[SourceQuality "1"]

1. d4 Nf6 2. c4 c5 3. d5 d6 4. Nc3 g6 5. e4 Bg7 6. Bd3 0-0 7. Nf3 Bg4 8. h3 Bxf3 9. Qxf3 Nbd7 10. Bg5 a6 11. Bxf6 Bxf6 12. 0-0 Ne5 13. Qe2 Rb8 14. Rad1 Qd7 15. f4 Nxd3 16. Qxd3 b5 17. cxb5 axb5 18. Qc2 b4 19. Ne2 Ra8 20. Qb1 Qa7 21. Nc1 c4+ 22. Kh1 Rfc8 23. Rfe1 Qf2 24. e5 Bg7 25. Qe4 Qxb2 26. Re2 Qa3 27. Re3 Qa6 28. Qf3 Rc5 29. e6 f5 30. Kh2 Qb5 31. h4 Bb2 32. Kh3 Bxc1 33. Rxc1 Rxa2 34. g3 Rxd5 35. Re2 Rdd2 36. Rce1 Rxe2 37. Rxe2 Rxe2 38. Qxe2 b3 39. Qb2 c3 40. Qxc3 b2 41. Qc8+ Kg7 42. Qc7 Qf1+ 43. Kh2 Qe2+ 44. Kh3 Qxe6 45. Qc3+ Qf6 46. Qb3 Qd4 47. Qe6 Qe4 48. Qc8 b1Q 49. Qc3+ e5 50. Qc7+ Kh6 51. fxe5 Qbh1# 0-1